000 00219nam a2200097Ia 4500
008 230508s1984 xx 000 0 und d
041 _aeng
100 _aVIRKAR
245 _aDICTIONARY ENGLISH - MARATHI
260 _c1984
999 _c329567
_d329567